| 000 | 00932nam a2200229Ia 4500 | ||
|---|---|---|---|
| 999 |
_c41941 _d41941 |
||
| 001 | 8625 | ||
| 003 | GE_BSU | ||
| 005 | 20240522112110.0 | ||
| 008 | 181216s2011||||ge |||||||||||||| ||geo|| | ||
| 020 | _a5520015902 | ||
| 040 | _cGE_BSU | ||
| 041 | _ageo | ||
| 080 | _a159.964.2 ფ-94 | ||
| 100 |
_aფროიდი, ზიგმუნდ _922135 |
||
| 245 |
_aფსიქოანალიზი : _bთარგმანი გერმანულიდან / _cზიგმუნდ ფროიდი ; მთარგმ. და რედ. ვიტალი კაკაბაძე. |
||
| 264 |
_aთბილისი : _bსიახლე, _c2011. |
||
| 300 |
_a472 გვ. ; _c20 სმ |
||
| 541 | _h22 ლ. | ||
| 653 | _aფსიქოანალიზი | ||
| 700 |
_aკაკაბაძე, ვიტალი _eმთარგმნელი და რედაქტორი _93586 |
||
| 942 |
_cBK _2udc |
||